Publicidad: un enfoque latinoamericano
Saved in:
| Main Authors: | , |
|---|---|
| Format: | Bog |
| Sprog: | spansk |
| Udgivet: |
Cuernavaca
International Thomson Editores
2004
|
| Udgivelse: | 1a. ed |
| Fag: | |
| Tags: |
Tilføj Tag
Ingen Tags, Vær først til at tagge denne postø!
|
MARC
| LEADER | 00000cam a2200000 a 4500 | ||
|---|---|---|---|
| 001 | UCD6399 | ||
| 003 | CL-VaPUC | ||
| 008 | 161209e20040000mx |||||||||||||||||spa|d | ||
| 020 | |a 9706862935 | ||
| 082 | 0 | 4 | |a 659.1 |b FER |2 21 |
| 100 | 0 | |a Fernández Valiñas, Ricardo |e author |9 590235 | |
| 700 | 0 | |a Urdiain Farcug, Rodolfo |e author |9 590236 | |
| 245 | 1 | 0 | |a Publicidad: un enfoque latinoamericano |
| 250 | |a 1a. ed | ||
| 300 | |a 179 p | ||
| 942 | |c BK | ||
| 945 | |d 20161209 23:21:00 |a dcastane | ||
| 260 | |a Cuernavaca |b International Thomson Editores |c 2004 | ||
| 650 | 0 | |a Agencias de publicidad |9 362593 | |
| 650 | 0 | |a Creatividad |9 310816 | |
| 650 | 0 | |a Medios de comunicación |9 257206 | |
| 650 | 7 | |a PERSUASION |2 CL-VaPUC |9 333321 | |
| 583 | |a last modification |c 20161209 23:21:00 |k Rodrigo Vera | ||
| 999 | |c 366750 |d 366748 | ||